[Event "Europa ch 2014"]
[Site "Yerevan ARM"]
[Date "2014.03.11"]
[Round "8.54"]
[White "Melia, Salome"]
[Black "Andriasian, Zaven"]
[Result "0-1"]
[WhiteElo "2453"]
[BlackElo "2600"]
[PlyCount "120"]
[EventDate "2014.03.03"]
[EventType "swiss"]
[EventRounds "11"]
[EventCountry "ARM"]
[Source "lmi"]
[SourceDate "2014.03.02"]

1. e4 c5 2. Nf3 d6 3. d4 cxd4 4. Nxd4 Nf6 5. Nc3 a6 6. Bg5 e6 7. f4 Qb6 8. Qd2
Nc6 9. Bxf6 gxf6 10. O-O-O Bd7 11. Be2 h5 12. Nb3 O-O-O 13. Rhf1 Kb8 14. Rf3 h4
15. Kb1 Rc8 16. Bf1 Na5 17. Nd5 exd5 18. Nxa5 Ba4 19. Rc3 Bg7 20. Rxc8+ Rxc8
21. Nb3 dxe4 22. Qxd6+ Qxd6 23. Rxd6 Kc7 24. Rd1 Bh6 25. Re1 f5 26. g3 hxg3 27.
hxg3 Rg8 28. Re3 Bg7 29. Bc4 Rh8 30. Re1 Be8 31. c3 Rh2 32. Kc1 b5 33. Bd5 b4
34. Nd4 Bxd4 35. cxd4 Kd6 36. Bc4 Bb5 37. Bxf7 Bd3 38. Bb3 a5 39. a4 bxa3 40.
bxa3 a4 41. Bf7 Rc2+ 42. Kd1 Rc7 43. Ba2 Rc3 44. Bf7 Rxa3 45. Kd2 Bb5 46. Bg6
Bd7 47. g4 e3+ 48. Ke2 Bb5+ 49. Kf3 e2+ 50. Kf2 fxg4 51. Be4 g3+ 52. Kg2 Re3
53. Bf3 a3 54. Kxg3 Bc6 55. Kf2 Rxf3+ 56. Kxe2 Rh3 57. Kd2 Rb3 58. Ra1 Be4 59.
Kc1 Kd5 60. f5 Bxf5 0-1

[Event "Europa ch 2014"]
[Site "Yerevan ARM"]
[Date "2014.03.11"]
[Round "8.56"]
[White "Iordachescu, Viorel"]
[Black "Petrosyan, Manuel"]
[Result "1-0"]
[WhiteElo "2583"]
[BlackElo "2336"]
[PlyCount "57"]
[EventDate "2014.03.03"]
[EventType "swiss"]
[EventRounds "11"]
[EventCountry "ARM"]
[Source "lmi"]
[SourceDate "2014.03.02"]

1. e4 c5 2. Nf3 e6 3. Nc3 Nc6 4. d4 cxd4 5. Nxd4 Qc7 6. Be2 a6 7. O-O Nf6 8.
Kh1 Bb4 9. Bg5 Bxc3 10. Bxf6 gxf6 11. bxc3 d6 12. Qd3 Bd7 13. Rab1 Rc8 14. Qe3
Ke7 15. Bd3 Rhg8 16. f4 Na5 17. Rbe1 Qxc3 18. e5 dxe5 19. fxe5 f5 20. Qf2 Rg4
21. Nxf5+ exf5 22. Bxf5 Bxf5 23. Qxf5 Rg7 24. e6 f6 25. Re3 Qxe3 26. Qxf6+ Kd6
27. Qxg7 Rc7 28. Rd1+ Kc6 29. Qd7+ 1-0

[Event "Europa ch 2014"]
[Site "Yerevan ARM"]
[Date "2014.03.11"]
[Round "8.57"]
[White "Minasian, Ara"]
[Black "Golod, Vitali"]
[Result "0-1"]
[WhiteElo "2432"]
[BlackElo "2573"]
[PlyCount "90"]
[EventDate "2014.03.03"]
[EventType "swiss"]
[EventRounds "11"]
[EventCountry "ARM"]
[Source "lmi"]
[SourceDate "2014.03.02"]

1. c4 e5 2. Nc3 Nf6 3. Nf3 Nc6 4. a3 d5 5. cxd5 Nxd5 6. e3 Nxc3 7. bxc3 e4 8.
Nd4 Ne5 9. Qc2 f5 10. Qb3 c5 11. Bb5+ Ke7 12. f4 Nf7 13. Ne2 Nd6 14. d4 Be6 15.
d5 Qa5 16. a4 Bf7 17. Ng3 g6 18. Bb2 Bg7 19. Kf2 Rhc8 20. Bc4 Rd8 21. Rhd1 Nxc4
22. Qxc4 Rd6 23. Qa2 Rb6 24. Ne2 Rd8 25. Rab1 Be8 26. c4 Bxb2 27. Rxb2 Qxa4 28.
Qxa4 Bxa4 29. Rxb6 axb6 30. Rb1 b5 31. Nc3 Ra8 32. Nxb5 Bc2 33. Rb2 Bd3 34. Nc7
Ra7 35. Nb5 Ra4 36. Nc3 Rb4 37. Rxb4 cxb4 38. Na4 Bxc4 39. Nb6 Bb5 40. Ke1 Kd6
41. Kd2 Kc5 42. Na8 Kxd5 43. Nc7+ Kc4 44. Ne6 b3 45. Nd4 Ba4 0-1

[Event "Europa ch 2014"]
[Site "Yerevan ARM"]
[Date "2014.03.11"]
[Round "8.58"]
[White "Grigoryan, Karen H"]
[Black "Sargsyan, Shant"]
[Result "1-0"]
[WhiteElo "2572"]
[BlackElo "2027"]
[PlyCount "125"]
[EventDate "2014.03.03"]
[EventType "swiss"]
[EventRounds "11"]
[EventCountry "ARM"]
[Source "lmi"]
[SourceDate "2014.03.02"]

1. g3 Nf6 2. Bg2 d5 3. c4 c6 4. Nf3 Bf5 5. O-O e6 6. d3 h6 7. cxd5 exd5 8. Qb3
Qb6 9. Qc2 Nbd7 10. Nc3 Be7 11. e4 dxe4 12. dxe4 Bh7 13. Qe2 Nc5 14. Be3 Qa6
15. Bxc5 Qxe2 16. Nxe2 Bxc5 17. e5 Nd7 18. Bh3 Rd8 19. e6 fxe6 20. Nf4 O-O 21.
Nxe6 Rxf3 22. Nxd8 Ne5 23. Be6+ Kf8 24. Bg4 Nxg4 25. Ne6+ Kf7 26. Nxc5 b6 27.
h3 Ne5 28. Nb3 c5 29. Rfe1 Rf5 30. Kg2 Nd3 31. Re2 Rd5 32. Rg1 c4 33. Nc1 b5
34. Nxd3 cxd3 35. Rd2 b4 36. Rc1 a5 37. f4 Be4+ 38. Kf2 g5 39. Rc4 Bg6 40. Rc7+
Kf6 41. Rc6+ Kg7 42. Ke3 Bf5 43. h4 Bg6 44. Rf2 g4 45. Kd2 Be4 46. Re6 Bf3 47.
Re5 Rd4 48. Rxa5 Be2 49. Rc5 Rd7 50. Rc4 Ra7 51. Rxb4 Rxa2 52. f5 Ra7 53. f6+
Kf7 54. Re4 Ra1 55. Re7+ Kf8 56. f7 Bf3 57. Re3 Kxf7 58. Rexf3+ gxf3 59. Rxf3+
Kg6 60. Rxd3 Kf5 61. Re3 Kg4 62. b4 h5 63. Kc2 1-0

[Event "Europa ch 2014"]
[Site "Yerevan ARM"]
[Date "2014.03.11"]
[Round "8.59"]
[White "Kalashian, David"]
[Black "Khismatullin, Denis"]
[Result "1-0"]
[WhiteElo "2380"]
[BlackElo "2714"]
[PlyCount "71"]
[EventDate "2014.03.03"]
[EventType "swiss"]
[EventRounds "11"]
[EventCountry "ARM"]
[Source "lmi"]
[SourceDate "2014.03.02"]

1. d4 f5 2. Bg5 g6 3. Nc3 d5 4. h4 Bg7 5. Nf3 c6 6. e3 Nd7 7. Bd3 Qb6 8. Rb1
Ngf6 9. h5 Ng4 10. hxg6 hxg6 11. Rxh8+ Bxh8 12. Ke2 Nf8 13. Qh1 Bg7 14. Qh4 e5
15. dxe5 Nxe5 16. Nxe5 Bxe5 17. Bf6 Qc7 18. Rh1 Kf7 19. Bh8 Bd7 20. g4 Bxh8 21.
Qxh8 Re8 22. gxf5 gxf5 23. Qh5+ Kf6 24. Bxf5 Qd6 25. Rg1 Ke7 26. Qh4+ Kf7 27.
Bg6+ Qxg6 28. Rxg6 Kxg6 29. Kd2 Ne6 30. Ne2 Rf8 31. f4 Rf6 32. b4 Ng7 33. Qh8
Rf7 34. Nd4 Bg4 35. Qh4 Bf5 36. Nf3 1-0

[Event "Europa ch 2014"]
[Site "Yerevan ARM"]
[Date "2014.03.11"]
[Round "8.60"]
[White "Chibukhchian, Artur"]
[Black "Petrosian, Tigran L"]
[Result "0-1"]
[WhiteElo "2446"]
[BlackElo "2639"]
[PlyCount "72"]
[EventDate "2014.03.03"]
[EventType "swiss"]
[EventRounds "11"]
[EventCountry "ARM"]
[Source "lmi"]
[SourceDate "2014.03.02"]

1. Nf3 d5 2. d4 Nf6 3. c4 c6 4. e3 Bf5 5. Nc3 e6 6. Nh4 Be4 7. f3 Bg6 8. Qb3
Qc7 9. Bd2 Be7 10. Rc1 a6 11. cxd5 Nxd5 12. Nxg6 hxg6 13. Ne2 Nd7 14. e4 N5b6
15. a4 a5 16. g3 Bb4 17. Bc3 e5 18. Kf2 Qd6 19. Bg2 g5 20. h3 Qe6 21. Qxe6+
fxe6 22. Bxb4 axb4 23. b3 Ke7 24. dxe5 Nxe5 25. Ke3 Rhd8 26. Rcd1 Rxd1 27. Rxd1
c5 28. f4 Nc6 29. Rc1 c4 30. bxc4 b3 31. e5 gxf4+ 32. gxf4 b2 33. Rb1 Na5 34.
Kd3 Nxa4 35. Nd4 Rd8 36. Ke4 Nc3+ 0-1

[Event "Europa ch 2014"]
[Site "Yerevan ARM"]
[Date "2014.03.11"]
[Round "8.62"]
[White "Goryachkina, Aleksandra"]
[Black "Ipatov, Alexander"]
[Result "1-0"]
[WhiteElo "2424"]
[BlackElo "2614"]
[PlyCount "117"]
[EventDate "2014.03.03"]
[EventType "swiss"]
[EventRounds "11"]
[EventCountry "ARM"]
[Source "lmi"]
[SourceDate "2014.03.02"]

1. d4 d6 2. Nf3 Nf6 3. c4 g6 4. Nc3 Bf5 5. Bg5 Bg7 6. e3 O-O 7. Bd3 Bxd3 8.
Qxd3 Nbd7 9. h3 h6 10. Bf4 Qe8 11. Bh2 e5 12. Qe2 c6 13. O-O Qe7 14. Rfd1 Rfe8
15. Rac1 a6 16. Qc2 e4 17. Nd2 Nf8 18. Re1 Rad8 19. b4 g5 20. b5 Ng6 21. bxc6
bxc6 22. Rb1 d5 23. Ne2 g4 24. cxd5 gxh3 25. dxc6 Qe6 26. c7 Rc8 27. Rb8 hxg2
28. Rxc8 Rxc8 29. Kxg2 h5 30. Nf4 Qg4+ 31. Kh1 Nxf4 32. exf4 Qh3 33. Re3 Qh4
34. Nf1 Ng4 35. Re2 Bxd4 36. Kg2 Nxf2 37. Rxf2 Qg4+ 38. Bg3 Bxf2 39. Kxf2 h4
40. Bh2 Qd7 41. f5 Qxf5+ 42. Ke1 Qf3 43. Qc5 Kh7 44. Qe3 Qf5 45. Qf2 Qa5+ 46.
Nd2 f5 47. Qxh4+ Kg6 48. Bf4 e3 49. Qg3+ Kf7 50. Qxe3 Qxa2 51. Qe5 Kg8 52. Qf6
Qd5 53. Be5 Rxc7 54. Bxc7 Qf7 55. Qd8+ Kh7 56. Be5 Kg6 57. Nf3 f4 58. Qg5+ Kh7
59. Qh4+ 1-0

[Event "Europa ch 2014"]
[Site "Yerevan ARM"]
[Date "2014.03.11"]
[Round "8.63"]
[White "Volkov, Sergey"]
[Black "Harutyunian, Tigran K"]
[Result "1/2-1/2"]
[WhiteElo "2610"]
[BlackElo "2422"]
[PlyCount "87"]
[EventDate "2014.03.03"]
[EventType "swiss"]
[EventRounds "11"]
[EventCountry "ARM"]
[Source "lmi"]
[SourceDate "2014.03.02"]

1. d4 d5 2. c4 e6 3. Nc3 Be7 4. cxd5 exd5 5. Bf4 c6 6. e3 Bf5 7. Nge2 Nd7 8.
Ng3 Bg6 9. Be2 Ngf6 10. h4 h5 11. Bf3 Qb6 12. Qd2 Qa6 13. Be2 Qb6 14. a3 a5 15.
Rc1 O-O 16. Bf3 Rfe8 17. Qe2 a4 18. O-O Nf8 19. Rfd1 Qd8 20. Bg5 N6h7 21. Bxe7
Qxe7 22. Nxh5 Qxh4 23. g3 Qe7 24. Nf4 Ng5 25. Nxg6 Nxg6 26. Kg2 Qf6 27. Bg4 Ne4
28. Nxe4 Rxe4 29. Bf3 Ree8 30. Rh1 Nf8 31. Rh4 Ne6 32. Rch1 g6 33. Qc2 Ng5 34.
Be2 Kg7 35. f4 Ne4 36. Rh7+ Kf8 37. Bd3 Nd6 38. R1h6 Qe6 39. f5 Nxf5 40. Bxf5
Qxf5 41. Qxf5 gxf5 42. Rf6 Re7 43. Rxf5 Ra6 44. Kf3 1/2-1/2

[Event "Europa ch 2014"]
[Site "Yerevan ARM"]
[Date "2014.03.11"]
[Round "8.64"]
[White "Gevorgyan, David"]
[Black "Pantsulaia, Levan"]
[Result "0-1"]
[WhiteElo "2388"]
[BlackElo "2606"]
[PlyCount "106"]
[EventDate "2014.03.03"]
[EventType "swiss"]
[EventRounds "11"]
[EventCountry "ARM"]
[Source "lmi"]
[SourceDate "2014.03.02"]

1. d4 Nf6 2. c4 c5 3. d5 e6 4. Nc3 exd5 5. cxd5 d6 6. Nf3 g6 7. Bf4 a6 8. a4
Bg7 9. h3 O-O 10. e3 Re8 11. Nd2 Nbd7 12. Be2 Ne5 13. a5 Nfd7 14. O-O b5 15.
axb6 Nxb6 16. Nde4 h6 17. Qb3 f5 18. Nd2 Nbd7 19. Bg3 h5 20. f4 Nf7 21. Bf2 Nf6
22. Bd3 Qc7 23. Qc2 Rb8 24. b3 Bb7 25. Bc4 Qe7 26. Ra2 Ne4 27. Ndxe4 fxe4 28.
Be1 Nh6 29. Nd1 Nf5 30. Rf2 h4 31. Bc3 Bc8 32. Bxg7 Qxg7 33. Qb2 Rb6 34. Qxg7+
Kxg7 35. Ra3 Kf6 36. Kf1 Bd7 37. Ke2 Bb5 38. Nb2 Reb8 39. Kd2 Bxc4 40. Nxc4
Rxb3 41. Rxa6 Ke7 42. Ra4 R8b4 43. Rxb4 cxb4 44. Na5 Rd3+ 45. Kc1 Rc3+ 46. Kb1
Nxe3 47. Nc6+ Kf6 48. Rd2 Rd3 49. Re2 b3 50. Nb4 Rc3 51. Rd2 Nc4 52. Rd4 e3 53.
Nd3 Rxd3 0-1

[Event "Europa ch 2014"]
[Site "Yerevan ARM"]
[Date "2014.03.11"]
[Round "8.65"]
[White "Svetushkin, Dmitry"]
[Black "Nadanian, Ashot"]
[Result "0-1"]
[WhiteElo "2582"]
[BlackElo "2399"]
[PlyCount "46"]
[EventDate "2014.03.03"]
[EventType "swiss"]
[EventRounds "11"]
[EventCountry "ARM"]
[Source "lmi"]
[SourceDate "2014.03.02"]

1. e4 e5 2. Nf3 Nc6 3. Bb5 Nge7 4. c3 d5 5. Nxe5 dxe4 6. Qa4 Qd5 7. f4 exf3 8.
Nxf3 a6 9. Bc4 Qe4+ 10. Kf2 Qf5 11. Na3 Bd7 12. Qc2 Qh5 13. d4 O-O-O 14. b4 f6
15. b5 axb5 16. Nxb5 Na5 17. Qa4 b6 18. Rb1 Kb7 19. Bf4 Nd5 20. Bxd5+ Qxd5 21.
Bxc7 Rc8 22. Bg3 Ka6 23. c4 Rxc4 0-1

[Event "Europa ch 2014"]
[Site "Yerevan ARM"]
[Date "2014.03.11"]
[Round "8.66"]
[White "Kuljasevic, Davorin"]
[Black "Ben Artzi, Ido"]
[Result "1/2-1/2"]
[WhiteElo "2567"]
[BlackElo "2370"]
[PlyCount "80"]
[EventDate "2014.03.03"]
[EventType "swiss"]
[EventRounds "11"]
[EventCountry "ARM"]
[Source "lmi"]
[SourceDate "2014.03.02"]

1. Nf3 g6 2. d4 Nf6 3. c4 Bg7 4. e3 O-O 5. Be2 d6 6. Nc3 Nbd7 7. O-O c6 8. Qc2
e5 9. Rd1 Qe7 10. b4 Re8 11. Bb2 exd4 12. Nxd4 Ne5 13. h3 a6 14. Qb3 c5 15. Nf3
Nxf3+ 16. Bxf3 Be6 17. Nd5 Bxd5 18. Bxd5 cxb4 19. Qxb4 Nxd5 20. Rxd5 Bxb2 21.
Qxb2 Rac8 22. Qb4 Rc6 23. Rad1 Qc7 24. R1d4 Re6 25. a4 h5 26. g3 b6 27. h4 a5
28. Qc3 Re5 29. e4 Re8 30. Qd3 Rc8 31. Rxd6 Rxd6 32. Rxd6 Qxc4 33. Qxc4 Rxc4
34. e5 Rxa4 35. Rxb6 Ra1+ 36. Kg2 a4 37. Ra6 a3 38. Ra8+ Kg7 39. Kf3 Re1 40.
Rxa3 Rxe5 1/2-1/2

[Event "Europa ch 2014"]
[Site "Yerevan ARM"]
[Date "2014.03.11"]
[Round "8.67"]
[White "Baghdasaryan, Vahe"]
[Black "Palac, Mladen"]
[Result "0-1"]
[WhiteElo "2368"]
[BlackElo "2561"]
[PlyCount "50"]
[EventDate "2014.03.03"]
[EventType "swiss"]
[EventRounds "11"]
[EventCountry "ARM"]
[Source "lmi"]
[SourceDate "2014.03.02"]

1. e4 c5 2. Nf3 d6 3. d4 cxd4 4. Nxd4 Nf6 5. Nc3 a6 6. h3 e6 7. g4 Nfd7 8. Bg2
Be7 9. Be3 Nc6 10. Qe2 O-O 11. O-O-O Nxd4 12. Rxd4 Rb8 13. Rhd1 b5 14. g5 b4
15. Na4 Qa5 16. b3 Nc5 17. Nxc5 dxc5 18. Rc4 Qxa2 19. e5 a5 20. Rh4 Ba6 21. Qh5
Qa1+ 22. Kd2 Rbd8+ 23. Ke1 Rxd1+ 24. Qxd1 Qxe5 25. Re4 Qh2 0-1

[Event "Europa ch 2014"]
[Site "Yerevan ARM"]
[Date "2014.03.11"]
[Round "8.68"]
[White "Chighladze, Iveri"]
[Black "Yilmaz, Mustafa"]
[Result "0-1"]
[WhiteElo "2365"]
[BlackElo "2557"]
[PlyCount "76"]
[EventDate "2014.03.03"]
[EventType "swiss"]
[EventRounds "11"]
[EventCountry "ARM"]
[Source "lmi"]
[SourceDate "2014.03.02"]

1. d4 Nf6 2. c4 c5 3. d5 g6 4. Nc3 Bg7 5. e4 d6 6. h3 O-O 7. Nf3 e6 8. Bd3 exd5
9. exd5 Re8+ 10. Be3 Rxe3+ 11. fxe3 Qe7 12. Qe2 Nbd7 13. g4 Ne5 14. Nxe5 Qxe5
15. O-O-O Bd7 16. Rhf1 a6 17. Rf3 Rf8 18. Rdf1 h5 19. g5 Nh7 20. Qg2 Nxg5 21.
Rg3 Nh7 22. Rg1 Re8 23. Kb1 Re7 24. a3 h4 25. Rf3 b5 26. cxb5 axb5 27. Bxb5
Bxb5 28. Nxb5 Rb7 29. Qe2 Qe4+ 30. Ka1 Qa4 31. Rf4 Qxb5 32. Qxb5 Rxb5 33. Rg2
Nf6 34. a4 Rb7 35. Rxh4 Nxd5 36. Rd2 Nxe3 37. a5 Bd4 38. Ka2 Rb5 0-1

[Event "Europa ch 2014"]
[Site "Yerevan ARM"]
[Date "2014.03.11"]
[Round "8.69"]
[White "Mastrovasilis, Athanasios"]
[Black "Arabidze, Meri"]
[Result "1-0"]
[WhiteElo "2554"]
[BlackElo "2388"]
[PlyCount "89"]
[EventDate "2014.03.03"]
[EventType "swiss"]
[EventRounds "11"]
[EventCountry "ARM"]
[Source "lmi"]
[SourceDate "2014.03.02"]

1. d4 f5 2. g3 Nf6 3. Bg2 e6 4. Nh3 d5 5. O-O Bd6 6. Nd2 O-O 7. Nf3 b6 8. Nf4
Qe7 9. c4 c6 10. Qb3 Ba6 11. Ne5 Bb7 12. Nfd3 Ne4 13. cxd5 cxd5 14. Bf4 Nc6 15.
Nxc6 Bxc6 16. Rfc1 Bb7 17. f3 Bxf4 18. Nxf4 Nd6 19. Qe3 Rae8 20. b3 Ba6 21. h4
Bb7 22. Rc2 Nb5 23. Rd1 Na3 24. Rcc1 Qd6 25. Qe5 Qxe5 26. dxe5 Re7 27. Bf1 Kf7
28. e3 g6 29. Kf2 a5 30. Bd3 Ra8 31. Ne2 b5 32. Nd4 b4 33. Rc5 Ra7 34. Rdc1 Ba8
35. Rc8 Bb7 36. R8c5 Ba8 37. g4 a4 38. h5 axb3 39. axb3 fxg4 40. hxg6+ hxg6 41.
fxg4 Bb7 42. Ke2 g5 43. Rc7 Ba8 44. Rf1+ Kg8 45. Nxe6 1-0

[Event "Europa ch 2014"]
[Site "Yerevan ARM"]
[Date "2014.03.11"]
[Round "8.71"]
[White "Aleksandrov, Aleksej"]
[Black "Beradze, Irakli"]
[Result "1/2-1/2"]
[WhiteElo "2544"]
[BlackElo "2364"]
[PlyCount "80"]
[EventDate "2014.03.03"]
[EventType "swiss"]
[EventRounds "11"]
[EventCountry "ARM"]
[Source "lmi"]
[SourceDate "2014.03.02"]

1. d4 Nf6 2. c4 e6 3. Nc3 Bb4 4. e3 c5 5. Bd3 Nc6 6. Nge2 cxd4 7. exd4 d5 8.
cxd5 Nxd5 9. O-O O-O 10. Be4 Nf6 11. Bf3 h6 12. Bf4 Bd6 13. Bg3 Bxg3 14. hxg3
Qe7 15. Qb3 Rd8 16. Rfd1 Qc7 17. Rac1 Bd7 18. Na4 Rac8 19. Nc5 b6 20. Nxd7 Qxd7
21. Rc3 Ne5 22. Rdc1 Nxf3+ 23. gxf3 Nd5 24. Rc4 Ne7 25. Qa3 Rxc4 26. Rxc4 a5
27. b4 axb4 28. Qxb4 Nd5 29. Qb3 h5 30. Nc3 h4 31. gxh4 Nxc3 32. Qxc3 e5 33.
dxe5 Qd1+ 34. Kh2 Qf1 35. Rc8 Qxf2+ 36. Kh1 Qf1+ 37. Kh2 Qf2+ 38. Kh1 Qf1+ 39.
Kh2 Qf2+ 40. Kh1 Qf1+ 1/2-1/2

[Event "Europa ch 2014"]
[Site "Yerevan ARM"]
[Date "2014.03.11"]
[Round "8.72"]
[White "Gabuzyan, Hovhannes"]
[Black "Nuber, Blasius"]
[Result "1/2-1/2"]
[WhiteElo "2537"]
[BlackElo "2359"]
[PlyCount "133"]
[EventDate "2014.03.03"]
[EventType "swiss"]
[EventRounds "11"]
[EventCountry "ARM"]
[Source "lmi"]
[SourceDate "2014.03.02"]

1. c4 Nf6 2. Nf3 c6 3. d4 d5 4. Qb3 g6 5. Bf4 Bg7 6. e3 O-O 7. Nc3 a6 8. a4 Qa5
9. Qa3 Re8 10. b4 Qd8 11. Rc1 Be6 12. a5 Nbd7 13. h3 h6 14. Be2 dxc4 15. e4 b5
16. axb6 Qxb6 17. Ra1 Nh5 18. Be3 Qc7 19. O-O Nf4 20. Nd2 Nb6 21. Qa5 Red8 22.
Nf3 Rab8 23. Rfd1 Nxe2+ 24. Nxe2 Na8 25. Qa3 Qb7 26. Bf4 Nc7 27. Qa5 Rbc8 28.
Be3 g5 29. Nc3 g4 30. hxg4 Bxg4 31. Qc5 Nb5 32. Qxc4 Bxf3 33. gxf3 e5 34. dxe5
Bxe5 35. Ne2 Bxa1 36. Rxa1 Rd6 37. Ng3 Qd7 38. Kg2 Rg6 39. Rh1 Qe6 40. Qxe6
fxe6 41. Ra1 Ra8 42. f4 Nd6 43. Kf3 Nc4 44. Rc1 Nxe3 45. fxe3 a5 46. bxa5 Rxa5
47. Rxc6 Kf7 48. Rc7+ Kf8 49. e5 Ra3 50. Ne4 Rg1 51. Nc5 Rg6 52. Nd7+ Ke7 53.
Nf6+ Kf8 54. Rh7 Ra1 55. Nd7+ Ke8 56. Nf6+ Kf8 57. Ke4 Ra4+ 58. Kd3 Ra3+ 59.
Kd4 Ra4+ 60. Kc5 Ra5+ 61. Kd4 Ra4+ 62. Kd3 Ra3+ 63. Kd4 Ra4+ 64. Kc5 Ra5+ 65.
Kb4 Ra1 66. Kc3 Ra3+ 67. Kd4 1/2-1/2

[Event "Europa ch 2014"]
[Site "Yerevan ARM"]
[Date "2014.03.11"]
[Round "8.73"]
[White "Musalov, Ruslan"]
[Black "Prizant, Jaroslav"]
[Result "0-1"]
[WhiteElo "2340"]
[BlackElo "2534"]
[PlyCount "94"]
[EventDate "2014.03.03"]
[EventType "swiss"]
[EventRounds "11"]
[EventCountry "ARM"]
[Source "lmi"]
[SourceDate "2014.03.02"]

1. d4 Nf6 2. c4 g6 3. Nf3 Bg7 4. e3 c5 5. Nc3 cxd4 6. exd4 d5 7. c5 O-O 8. Be2
Ne4 9. O-O Nc6 10. Be3 Nxc3 11. bxc3 b6 12. Qa4 Bd7 13. Bb5 Qc7 14. c4 a6 15.
Bxc6 Bxc6 16. cxb6 Qb7 17. Qb4 dxc4 18. a4 Bxf3 19. gxf3 Qxf3 20. Qxc4 Qg4+ 21.
Kh1 Qe4+ 22. Kg1 e5 23. Ra3 Qg4+ 24. Kh1 Qf3+ 25. Kg1 Qg4+ 26. Kh1 Qf3+ 27. Kg1
exd4 28. Bc1 Qb7 29. a5 Rac8 30. Qd3 Rfe8 31. Bd2 Rc5 32. Raa1 Ree5 33. Rfe1
Rg5+ 34. Bxg5 Rxg5+ 35. Qg3 Rxg3+ 36. hxg3 Bf8 37. Red1 Bb4 38. Rxd4 Bc3 39.
Rd8+ Kg7 40. Ra3 Qe7 41. Rxc3 Qxd8 42. Rc1 Qd3 43. Rc8 Qb1+ 44. Kg2 Qe4+ 45.
Kf1 Qh1+ 46. Ke2 Qd5 47. Rc2 Qxa5 0-1

[Event "Europa ch 2014"]
[Site "Yerevan ARM"]
[Date "2014.03.11"]
[Round "8.74"]
[White "Oparin, Grigoriy"]
[Black "Apresyan, Zohrak"]
[Result "1-0"]
[WhiteElo "2526"]
[BlackElo "2136"]
[PlyCount "69"]
[EventDate "2014.03.03"]
[EventType "swiss"]
[EventRounds "11"]
[EventCountry "ARM"]
[Source "lmi"]
[SourceDate "2014.03.02"]

1. e4 c5 2. Nf3 Nf6 3. Nc3 Nc6 4. d4 d5 5. exd5 Nxd5 6. Nxd5 Qxd5 7. Be3 cxd4
8. Nxd4 Nxd4 9. Qxd4 Qxd4 10. Bxd4 Bd7 11. a4 a6 12. c3 Bc6 13. f3 h5 14. Kf2
h4 15. b4 Rh5 16. Be2 Rc8 17. Rhd1 Rf5 18. g4 hxg3+ 19. hxg3 e5 20. Be3 Rh5 21.
Kg2 Bd7 22. g4 Rh4 23. Bd3 Be7 24. Bd2 Bc6 25. Kg3 g5 26. b5 axb5 27. axb5 Bd5
28. Bf5 Rd8 29. Be3 Rh6 30. Rh1 Rh4 31. Bb6 Rd6 32. Ra8+ Bd8 33. Bxd8 Rxd8 34.
Rxd8+ Kxd8 35. Rd1 1-0

[Event "Europa ch 2014"]
[Site "Yerevan ARM"]
[Date "2014.03.11"]
[Round "8.75"]
[White "Poghosyan, Suren"]
[Black "Zoler, Dan"]
[Result "0-1"]
[WhiteElo "2257"]
[BlackElo "2504"]
[PlyCount "114"]
[EventDate "2014.03.03"]
[EventType "swiss"]
[EventRounds "11"]
[EventCountry "ARM"]
[Source "lmi"]
[SourceDate "2014.03.02"]

1. d4 Nf6 2. c4 e6 3. Nc3 Bb4 4. e3 O-O 5. Nge2 d5 6. a3 Be7 7. cxd5 exd5 8. g3
a5 9. Bg2 c6 10. O-O Na6 11. f3 c5 12. Bd2 Re8 13. Be1 Bf8 14. Bf2 b6 15. Qd2
Bb7 16. g4 Nc7 17. Rad1 h6 18. Nf4 b5 19. dxc5 Bxc5 20. e4 Bd6 21. Ncxd5 Ncxd5
22. Nxd5 Bxd5 23. exd5 Qb8 24. Kh1 Rd8 25. Bh4 Bf4 26. Qc2 g5 27. Qf5 Ra6 28.
Be1 b4 29. axb4 axb4 30. Rd4 Qa8 31. d6 Rdxd6 32. Rxd6 Rxd6 33. Bxb4 Re6 34.
Bc3 Nd5 35. Bd4 Qc6 36. Rd1 Qa4 37. Qb1 Re2 38. Qa1 Qc6 39. Bg1 Nf6 40. Re1 Rc2
41. b4 Nd7 42. Qa5 Nf8 43. Qf5 Qc4 44. Qa5 Qc3 45. Rd1 Rxg2 46. Kxg2 Qc2+ 47.
Bf2 Qxd1 48. b5 Qc2 49. Qa3 Nd7 50. Qe7 Ne5 51. Qd8+ Kg7 52. Qd4 Qe2 53. b6
Qxf3+ 54. Kf1 Kg6 55. Qd6+ Kh7 56. Qf6 Qd1+ 57. Be1 Qd3+ 0-1

[Event "Europa ch 2014"]
[Site "Yerevan ARM"]
[Date "2014.03.11"]
[Round "8.76"]
[White "Torosyan, Norayr"]
[Black "Petenyi, Tamas"]
[Result "1-0"]
[WhiteElo "2216"]
[BlackElo "2468"]
[PlyCount "105"]
[EventDate "2014.03.03"]
[EventType "swiss"]
[EventRounds "11"]
[EventCountry "ARM"]
[Source "lmi"]
[SourceDate "2014.03.02"]

1. e4 e5 2. Nf3 Nc6 3. d4 exd4 4. Nxd4 Bc5 5. Nxc6 Qf6 6. Qf3 dxc6 7. Bc4 Be6
8. Qxf6 Nxf6 9. Bxe6 fxe6 10. f3 O-O-O 11. Ke2 Rhg8 12. Be3 Bxe3 13. Kxe3 g5
14. Nc3 e5 15. Rad1 Rdf8 16. Ne2 Ne8 17. g4 Nd6 18. b3 h5 19. gxh5 Rh8 20. h4
Rxh5 21. hxg5 Rxg5 22. Rdg1 Rxg1 23. Rxg1 Kd7 24. Rg7+ Rf7 25. Rxf7+ Nxf7 26.
f4 exf4+ 27. Kxf4 c5 28. Kf5 Kd6 29. Nc1 b5 30. Nd3 Nh6+ 31. Kg5 Ng8 32. c4
bxc4 33. bxc4 Ne7 34. Kf6 Ng8+ 35. Kg7 Ne7 36. Kf7 Nc6 37. Kf6 Na5 38. e5+ Kd7
39. Nxc5+ Ke8 40. Na6 Nxc4 41. Nxc7+ Kd7 42. Nb5 Kc6 43. Nxa7+ Kc5 44. e6 Nb6
45. Kf7 Nd5 46. a3 Ne3 47. Nb5 Nd5 48. a4 Kb4 49. Nc3 Nxc3 50. e7 Ne4 51. Ke6
Nc5+ 52. Kf5 Nb7 53. Ke5 1-0

[Event "Europa ch 2014"]
[Site "Yerevan ARM"]
[Date "2014.03.11"]
[Round "8.77"]
[White "Sipila, Vilka"]
[Black "Oganisian, Roman"]
[Result "0-1"]
[WhiteElo "2457"]
[BlackElo "2243"]
[PlyCount "68"]
[EventDate "2014.03.03"]
[EventType "swiss"]
[EventRounds "11"]
[EventCountry "ARM"]
[Source "lmi"]
[SourceDate "2014.03.02"]

1. Nf3 e6 2. g3 f5 3. Bg2 Nf6 4. O-O Be7 5. d3 O-O 6. Nc3 d6 7. e4 e5 8. exf5
Bxf5 9. d4 Nc6 10. Nh4 Bg4 11. f3 Bd7 12. d5 Nd4 13. f4 Bg4 14. Nf3 Qe8 15. Qd2
Bxf3 16. Bxf3 Qg6 17. Bd1 Nh5 18. Ne2 Nf5 19. Qd3 Bf6 20. Qf3 exf4 21. Qd3 fxg3
22. Nxg3 Nhxg3 23. hxg3 Bd4+ 24. Kh2 Be5 25. Rg1 Rae8 26. c3 Qf6 27. Kg2 Nxg3
28. Be3 Qh4 29. Bf3 Rxf3 30. Kxf3 Rf8+ 31. Kg2 Ne4 32. Qxe4 Qxe4+ 33. Kh3 Qxe3+
34. Kg2 Qf3# 0-1

[Event "Europa ch 2014"]
[Site "Yerevan ARM"]
[Date "2014.03.11"]
[Round "8.78"]
[White "Manukyan, Sargis A"]
[Black "Nevednichy, Vladislav"]
[Result "0-1"]
[WhiteElo "2123"]
[BlackElo "2591"]
[PlyCount "124"]
[EventDate "2014.03.03"]
[EventType "swiss"]
[EventRounds "11"]
[EventCountry "ARM"]
[Source "lmi"]
[SourceDate "2014.03.02"]

1. d4 Nf6 2. c4 c5 3. d5 e5 4. Nc3 d6 5. Nf3 Nbd7 6. e4 a6 7. a4 Be7 8. g3 O-O
9. Bg2 Ne8 10. O-O g6 11. Ne1 Ng7 12. Nd3 f5 13. f4 Bf6 14. Kh1 Qe7 15. Qc2 h5
16. exf5 gxf5 17. fxe5 Nxe5 18. Nxe5 Bxe5 19. Bf4 Bxf4 20. gxf4 Bd7 21. Bf3 Qh4
22. Qg2 Qxf4 23. Rg1 Qh6 24. Bxh5 Kh8 25. Bg6 f4 26. Qg5 Qxg5 27. Rxg5 f3 28.
Ne4 b5 29. Rg3 bxc4 30. Nxd6 Rf4 31. Nf7+ Kg8 32. Ne5 f2 33. Rf1 Rd8 34. Kg2
Be8 35. Bxe8 Rxe8 36. Nc6 Re2 37. Rf3 Rxf3 38. Kxf3 Rxb2 39. Rxf2 c3 40. Rf1
Rxh2 41. Ke3 Rh3+ 42. Ke4 Ne8 43. Ne7+ Kg7 44. Nf5+ Kf6 45. Nd6+ Ke7 46. Nf5+
Kd7 47. Ke5 Rh5 48. Kf4 Nd6 49. Nxd6 Kxd6 50. Ke4 Rxd5 51. Rf6+ Ke7 52. Rf3
Rd4+ 53. Ke5 Kd7 54. Rxc3 Kc6 55. Ra3 a5 56. Ra2 Rh4 57. Ra1 c4 58. Rb1 c3 59.
Rb8 Kc5 60. Rc8+ Kb4 61. Kd5 Kb3 62. Rb8+ Rb4 0-1